000 00536nam a2200181Ia 4500
008 090123s9999 xx 000 0 und d
082 _b1524
100 _aलालीकोटी गुब्बायम
245 _aनाफ्ते
250 _a1
260 _bगौरव कार्य.
300 _a49
600 _aलालीकोटी गुब्बायम
630 _aनाफ्ते
700 _aलालीकोटी गुब्बायम
730 _aनाफ्ते
942 _cBOOK
999 _c39606
_d39606